Normal view
MARC view
- Comprensión lectora
Entry Materia
Number of records used in: 964
001 - NÚMERO DE CONTROL DEL REGISTRO
- campo de control: 1537
003 - IDENTIFICADOR DE NUMERO DE CONTROL
- campo de control: UPN
005 - FECHA Y HORA DE LA ÚLTIMA TRANSACCIÓN
- campo de control: 20230203084255.0
008 - DATOS DE LONGITUD FIJA
- campo de control de longitud fija: 230203n||acnnnbabn | ana |d
035 ## - NÚMERO DE CONTROL DEL SISTEMA
- Número de control del sistema: UPN10000001537
040 ## - FUENTE DE LA CATALOGACIÓN
- Centro catalogador de origen: MX-MxUPN
- Lengua de catalogación: spa
- Agencia de transcripción: MX-MxUPN
046 ## - FECHAS CON CODIFICACIÓN ESPECIAL
- Fecha final para contenidos agregados: 2022
053 #4 - NÚMERO CLASIFICADOR - BIBLIOTECA DEL CONGRESO (LC)
- Elemento numérico de la clasificación - Número único o no. inicial del rango: LB1050.45
150 ## - ENCABEZAMIENTO - TEMÁTICO
- Término de materia o nombre geográfico como elemento inicial: Comprensión lectora
450 ## - VÉASE - MATERIA
- Encabezamiento temático: Comprensión de lectura
450 ## - VÉASE - MATERIA
- Encabezamiento temático: Comprensión de la lectura
550 ## - VÉASE ADEMÁS - MATERIA
- Subcampo de control: g
- Encabezamiento temático o nombre geográfico como elemento de entrada: Comprensión
670 ## - FUENTE EN LA QUE SE LOCALIZARON DATOS
- Cita de la fuente: LC
- Información localizada: Reading comprehension
902 ## - CATALOGADOR
- Catalogador: PN/100397
